000 00709ntm a22002777a 4500
005 20251119144618.0
008 160225b2012 xxu||||| |||| 00| | spa d
020 _a9789507415821
041 _aESP
082 _a363.256.2 L817t
100 _aLocles, Roberto Jorge
_95424
245 _aTécnicas de investigación criminal I
260 _aMéxico
260 _bHammurabi
260 _c2012
300 _a166 páginas
490 _aInvestigación Criminal
650 _aBALÍSTICA
650 _aINVESTIGACIÓN CRIMINAL
650 _aCRIMINALÍSTICA
650 _aSIGNOS EN LAS MUNICIONES
650 _aPÓLVORAS
650 _aARMAS DE GUERRA
650 _aEXPLOSIVOS
942 _cBK
_2ddc
999 _c7713
_d7713